ბათუმის შოთა რუსთაველის სახელმწიფო უნივერსიტეტის ბიბლიოთეკა

მე ვხედავ მზეს. (ბიბ.ჩანაწერი № 35818)

000 -LEADER
fixed length control field 00608nam a2200229Ia 4500
001 - CONTROL NUMBER
control field 1707
003 - CONTROL NUMBER IDENTIFIER
control field GE_BSU
008 - FIXED-LENGTH DATA ELEMENTS--GENERAL INFORMATION
fixed length control field 181216s||||||||xx |||||||||||||| ||und||
020 ## - INTERNATIONAL STANDARD BOOK NUMBER
International Standard Book Number 9789994053438
040 ## - CATALOGING SOURCE
Transcribing agency GE_BSU
080 ## - UNIVERSAL DECIMAL CLASSIFICATION NUMBER
Universal Decimal Classification number 821.353.1–3
100 ## - MAIN ENTRY--PERSONAL NAME
Personal name დუმბაძე, ნოდარ
245 ## - TITLE STATEMENT
Title მე ვხედავ მზეს.
260 ## - PUBLICATION, DISTRIBUTION, ETC.
Place of publication, distribution, etc. თბილისი
260 ## - PUBLICATION, DISTRIBUTION, ETC.
Name of publisher, distributor, etc. პალიტრა
260 ## - PUBLICATION, DISTRIBUTION, ETC.
Date of publication, distribution, etc. 2007
300 ## - PHYSICAL DESCRIPTION
Extent 271 გვ. 16 სმ.
653 ## - INDEX TERM--UNCONTROLLED
Uncontrolled term მე ვხედავ მზეს.
653 ## - INDEX TERM--UNCONTROLLED
Uncontrolled term ნოველა
942 ## - ADDED ENTRY ELEMENTS (KOHA)
Koha item type წიგნი
ეგზემპლარები
Withdrawn status Lost status Damaged status Not for loan Date acquired Barcode Date last seen Price effective from Koha item type
        2018-12-17 3592 2018-12-17 2018-12-17 წიგნი